Kronika dějin 20. století /
Uloženo v:
| Další autoři: | |
|---|---|
| Médium: | Kniha |
| Jazyk: | Czech |
| Vydáno: |
Praha :
Columbus,
1993
|
| Témata: | |
| Celkem bylo vypůjčeno: | 7x |
| Tagy: |
Žádné tagy |
| LEADER | 01301nam a2200229 a 4500 | ||
|---|---|---|---|
| 001 | 86844 | ||
| 005 | 20230721083706.0 | ||
| 008 | 970120s1993----xr ---------u-------cze-d | ||
| 020 | |a 80-901578-2-3 : |c 990.00 Kč | ||
| 040 | |a UOG502 |e AACR2 |9 1 |b cze | ||
| 080 | |a 930.9 | ||
| 245 | 0 | 0 | |a Kronika dějin 20. století / |c sestavil: John S. Bowman ; [přel. Libuše Burianová-Hasenöhrlová ... et al.] |
| 260 | |a Praha : |b Columbus, |c 1993 | ||
| 300 | |a 280 s. : il., mapy | ||
| 504 | |a Obsahuje rejstříky | ||
| 653 | |a svět |a dějiny |a světové dějiny |a 20. stol. |a 20. stol., 70. léta |a války |a válečné dějiny |a první světová válka, 1914-1918 |a druhá světová válka, 1939-1945 |a studená válka |a politické události |a světové události |a události |a přehledy |a kroniky |a příručky |a encyklopedické příručky |a encyklopedie | ||
| 700 | 1 | |a Burianová-Hasenöhrlová, Libuše, |d 1933- |7 jn19981000388 |4 trl |9 5374 | |
| 910 | |a UOG502 | ||
| 942 | 0 | 0 | |0 0 |
| 999 | |d 86844 | ||
| 993 | |0 0 |1 421180042739 |4 0 |6 93_990000000000000 |7 0 |9 34661 |a 495.00 |b 0 |c 42739 |d 1997-01-20 |e 7 |f DOSP |g 93/99 |h 495.00 |i Dárce |j 1 |l DOSP |r 2021-02-10 |s 2020-09-10 |t 5 |w 2017-09-19 |y KN |z NAUCNA |v V | ||
| 993 | |0 1 |1 421180008753 |4 0 |6 ST_93_990000000000000 |7 1 |9 72364 |a 990.00 |b 0 |c 8753 |d 2002-03-12 |e 0 |f DOSP |g 93/99 |h 990.00 |l DOSP |r 2017-12-29 |t 5 |w 2017-12-29 |y KN |z ST | ||